Normal view
MARC view
- اعداد: الجبوري، ميسر ابراهيم ، اسيل زهير رشيد التك
Entry Personal Name
001 - CONTROL NUMBER
- control field: 52009
003 - CONTROL NUMBER IDENTIFIER
- control field: JO-AjAnu
005 - DATE AND TIME OF LATEST TRANSACTION
- control field: 20230606082543.0
008 - FIXED-LENGTH DATA ELEMENTS
- fixed length control field: 230606|| aca||aabn | a|a d
040 ## - CATALOGING SOURCE
- Original cataloging agency: JO-AjAnu
- Transcribing agency: JO-AjAnu
100 ## - HEADING--PERSONAL NAME
- Personal name: اعداد: الجبوري، ميسر ابراهيم ، اسيل زهير رشيد التك
670 ## - SOURCE DATA FOUND
- Source citation: Work cat.: (JO-AjAnu)26581: اعداد: الجبوري، ميسر ابراهيم ، اسيل زهير رشيد التك, author, المسئولية الاجتماعية و الالتزام بالجودة و انعكاساتها على القيم المنظمية : العلاقة التبادلية بين قضاياها الجوهرية وفقا للمواصفة ISO26000/SR.2007